| 000 | 00340nam a2200133Ia 4500 | ||
|---|---|---|---|
| 008 | 240624s9999 xx 000 0 und d | ||
| 041 | _aeng | ||
| 082 | _a332.75 SHA | ||
| 100 | _aSHAH HEMA | ||
| 245 | _aLIMITED INSOLVENCY AND BANKRUPTCY EXAMIN | ||
| 260 |
_c2018 _aNew Delhi _bTaxmann |
||
| 300 | _ai-18, 688 p.; 27 cm. | ||
| 365 |
_cRS _b30 |
||
| 999 |
_c31849 _d31849 |
||